[Event "Berlin Lichtenberger op 14th"]
[Site "Berlin"]
[Date "2015.08.16"]
[Round "2"]
[White "Stein, Siegfried"]
[Black "Kaufmann, Mathias"]
[Result "1-0"]
[WhiteElo "1713"]
[BlackElo "1541"]
[PlyCount "83"]
[EventDate "2015.08.15"]
[EventType "swiss"]
[EventRounds "9"]
[EventCountry "GER"]
[SourceTitle "EXT 2016"]
[Source "ChessBase"]
[SourceDate "2015.10.08"]
[SourceVersion "1"]
[SourceVersionDate "2015.10.08"]
[SourceQuality "1"]

1. e4 c5 2. Nf3 g6 3. d4 Qb6 4. c3 Bg7 5. d5 d6 6. Nbd2 Nf6 7. Bd3 Ng4 8. Nc4 Qd8 9. h3 Nf6 10. a4 a5 11. 0-0 0-0 12. Be3 Nbd7 13. Qd2 b6 14. Bh6 Ba6 15. Rae1 Bxc4 16. Bxc4 Ne8 17. Bxg7 Kxg7 18. Qg5 f6 19. Qg3 Ne5 20. Nd2 f5 21. exf5 Rxf5 22. Bb3 Rf8 23. f4 Nd7 24. Nf3 Nef6 25. Ng5 Nh5 26. Qe3 Qe8 27. Ne6+ Kg8 28. Nxf8 Kxf8 29. Bc2 Ndf6 30. c4 Qd7 31. f5 g5 32. Qxg5 Kf7 33. Re6 Rg8 34. Qh6 Ng3 35. Rf2 Ngh5 36. Bd1 Ng7 37. g4 Qc8 38. Kh2 Nxe6 39. fxe6+ Ke8 40. g5 Rg6 41. Qh4 Ng8 42. Bh5 1-0

[Event "Berlin-ch Class-D"]
[Site "Berlin"]
[Date "2010.05.14"]
[Round "5"]
[White "Kaufmann, Mathias"]
[Black "Eichner, Enrico"]
[Result "1-0"]
[WhiteElo "1300"]
[BlackElo "856"]
[PlyCount "63"]
[EventDate "2010.05.12"]
[EventType "tourn"]
[EventRounds "9"]
[EventCountry "GER"]
[SourceTitle "EXT 2012"]
[Source "ChessBase"]
[SourceDate "2011.11.24"]
[SourceVersion "1"]
[SourceVersionDate "2011.11.24"]
[SourceQuality "1"]

1. c4 e5 2. Nc3 d6 3. d4 c5 4. dxc5 dxc5 5. Qxd8+ Kxd8 6. Nf3 Be6 7. Nxe5 Ne7 8. e4 Nbc6 9. Nxc6+ Nxc6 10. Bf4 Nd4 11. 0-0-0 Bg4 12. Be2 Bxe2 13. Nxe2 Be7 14. Nxd4 cxd4 15. Rxd4+ Ke8 16. Rhd1 f6 17. Bd6 Rd8 18. Bxe7 Rxd4 19. Rxd4 Kxe7 20. Rd5 Rd8 21. b3 Rxd5 22. exd5 Kd6 23. Kd2 h5 24. f4 g5 25. Ke3 g4 26. Ke4 h4 27. Kf5 h3 28. g3 b6 29. Kxf6 a6 30. Kg7 b5 31. f5 bxc4 32. bxc4 1-0

[Event "Berlin-ch Class-D"]
[Site "Berlin"]
[Date "2010.05.14"]
[Round "4"]
[White "Zhang, Yichi"]
[Black "Kaufmann, Mathias"]
[Result "0-1"]
[WhiteElo "805"]
[BlackElo "1300"]
[PlyCount "74"]
[EventDate "2010.05.12"]
[EventType "tourn"]
[EventRounds "9"]
[EventCountry "GER"]
[SourceTitle "EXT 2012"]
[Source "ChessBase"]
[SourceDate "2011.11.24"]
[SourceVersion "1"]
[SourceVersionDate "2011.11.24"]
[SourceQuality "1"]

1. e4 c5 2. Nf3 Nc6 3. c3 Nf6 4. d3 Qb6 5. d4 cxd4 6. cxd4 Nxe4 7. Nc3 Nxc3 8. bxc3 g6 9. Be3 Qc7 10. Bd3 Bg7 11. Qd2 Qa5 12. Rc1 d5 13. h3 0-0 14. Bh6 f6 15. 0-0 Be6 16. Qe3 Bf7 17. Bxg7 Kxg7 18. Qd2 Rfe8 19. Qb2 Rab8 20. Qb5 Qxb5 21. Bxb5 a6 22. Ba4 b5 23. Bd1 e5 24. dxe5 fxe5 25. Ng5 Rbc8 26. Bg4 Rcd8 27. Rfe1 h6 28. Nf3 h5 29. Nd4 Nxd4 30. cxd4 hxg4 31. hxg4 exd4 32. Rxe8 Rxe8 33. Rd1 Re2 34. a3 Ra2 35. Rd3 g5 36. g3 Bg6 37. Kg2 Bxd3 0-1